000
00416nam a2200145Ia 4500
008
100204s9999 xx 000 0 und d
082
_b
18057
100
_a
वाळिंबे शरदचंद्र्र
245
_a
रोजा
260
_b
"शांती पब्लिकेशन , पुणे"
_c
1994
300
_a
272
630
_a
रोजा
730
_a
रोजा
942
_c
BOOK
999
_c
462480
_d
462477